000 01592nam a2200457 c 4500
001 21512
003 ES-MaCES
005 20150925135640.0
008 080930s2008 sp t o000 | spa d
017 _aSE 3274-2008
_bDL
020 _a9788469114001
035 _aCES20080009571m
040 _aES-MaCES
_bspa
_cES-MaCES
100 1 _aFotinopoulou Basurko, Olga
_912304
245 1 3 _aEl proceso laboral internacional en el Derecho comunitario
_cOlga Fotinopoulou Basurko
250 _a1ª ed
260 _aSevilla
_bConsejo Económico y Social de Andalucía
_c2008
300 _a197 p.
_c24 cm
_e1 CD-ROM
490 1 _aColección Premio de investigación
500 _aPubl. simultáneamente en CD-ROM
504 _aBibliografía: p. 173-193
541 _cGratuito
650 4 _aprocedimiento laboral
_930887
650 4 _acompetencia legal
_929890
650 4 _acontrato de trabajo
_928316
650 4 _aderecho civil
_927156
650 4 _aderecho mercantil
_927157
650 4 _aderecho del trabajo
_927165
650 4 _aderecho internacional
_926684
650 4 _aderecho comunitario
_929866
650 4 _aReglamento de la CE
_929874
650 4 _acampo de aplicación
_930263
650 4 _aCD ROM
_930331
653 1 0 _aDerecho comunitario
650 4 _928369
_arelaciones laborales
710 2 _aConsejo Económico y Social de Andalucía
_eed.
_92430
830 0 _aColección Premio de Investigación (Consejo Económico y Social de Andalucía)
_934174
902 _aLIB Libro
942 _2CES
_cBK
_h6.0.5.
999 _c21512
_d21512